| 000 | 00936 a2200205 4500 | ||
|---|---|---|---|
| 001 | 40108 | ||
| 005 | 20260407155656.0 | ||
| 008 | 260407a1973 arg spa d | ||
| 003 | AR-UNSa-BCEJYS | ||
| 040 |
_aAR-UNSa-BCEJYS _bspa _cAR-UNSa-BCEJYS |
||
| 080 |
_a347.72 _xSociedades comerciales |
||
| 245 | 1 | 0 | _aSociedades Colectivas |
| 264 | 1 |
_aBuenos Aires : _bAstrea _c1973 |
|
| 300 |
_a266 p. _c20 cm. |
||
| 505 | _aGeneralidades: Ubicación de la sociedad colectiva en el marco general de las sociedades comerciales – 1. Definición legal de la sociedad colectiva – 2. Razón social – 3. Carácter de comerciante de los socios – 4. Administración – 5. Objeto – 6. Capital – 7. Relaciones de los socios entre sí – 8. Los socios frente a los terceros – 9. Disolución y liquidación de la sociedad - | ||
| 041 | _aspa | ||
| 942 | _cBK | ||
| 590 | _aniveau_biblio:m niveau_hierar:0 | ||
| 100 | 1 | _aRadresa, Emilio | |
| 999 |
_c3178 _d3178 |
||